|
|
|
|
| LEADER |
00000cam a2200000 a 4500 |
| 001 |
vtls009663179 |
| 003 |
SK-MaSNL |
| 005 |
20260301130140.0 |
| 008 |
240313s1992 xr rr 001 0 cze |
| 020 |
|
|
|a 8070501316
|
| 040 |
|
|
|a SNK
|b slo
|c SNK
|e AACR2
|
| 041 |
0 |
|
|a cze
|
| 043 |
|
|
|a e-xr---
|
| 044 |
|
|
|a xr
|c CZ
|
| 080 |
|
|
|a 027.4(437.1/.2)(058)
|2 1981
|
| 100 |
1 |
|
|a Vyorálková, Danuše,
|d 1948-
|4 aut
|9 61671
|
| 245 |
1 |
0 |
|a Adresář veřejných knihoven ČR
|c Zprac. Danuše Vyorálková, Dana Mrákotová, Kateřina Čadilová
|
| 250 |
|
|
|a 1. vyd.
|
| 260 |
|
|
|a Praha
|b Národní knihovna
|c 1992
|
| 300 |
|
|
|a 141 s.
|c 20 cm
|
| 504 |
|
|
|a Reg.
|
| 650 |
0 |
7 |
|a verejné knižnice
|2 SNKPH
|9 28929
|
| 651 |
|
7 |
|a Česko
|2 SNKPHgeo
|9 16753
|
| 655 |
|
7 |
|a adresáre
|2 SNKPH
|9 70415
|
| 700 |
1 |
|
|a Mrákotová, Dana,
|d 1955-
|4 com
|9 109622
|
| 700 |
1 |
|
|a Čadilová, Kateřina
|4 com
|9 9872
|
| 852 |
|
|
|a Slovenská národná knižnica
|
| 958 |
|
|
|a CZ
|
| 958 |
|
|
|a KL
|
| 999 |
|
|
|c 744588
|d 746518
|
| 952 |
|
|
|a SNK
|b SNK
|y NEVYP
|7 0
|p 17A0070639
|0 0
|1 0
|4 0
|d 1998-05-27
|l 0
|r 2005-01-01 00:00:00
|w 2026-02-23
|